Numerical modeling of atmospheric emissions from wildfires; Информационные технологии в науке, управлении, социальной сфере и медицине; Ч. 1

Bibliographische Detailangaben
Parent link:Информационные технологии в науке, управлении, социальной сфере и медицине: сборник научных трудов V Международной научной конференции, 17-21 декабря 2018 г., Томск/ Национальный исследовательский Томский политехнический университет (ТПУ) ; Томский государственный педагогический университет (ТГПУ) ; под ред. О. Г. Берестневой [и др.].— , 2018
Ч. 1.— 2018.— С. 4
1. Verfasser: Belkova T. A. Tatiana Anatolievna
Weitere Verfasser: Perminov V. A. Valery Afanasievich (научный руководитель)
Zusammenfassung:Заглавие с титульного экрана
Текстовый файл
Sprache:Englisch
Veröffentlicht: 2018
Schriftenreihe:Моделирование в научных исследованиях
Schlagworte:
Online-Zugang:http://earchive.tpu.ru/handle/11683/52309
Format: MixedMaterials Elektronisch Buchkapitel
KOHA link:https://koha.lib.tpu.ru/cgi-bin/koha/opac-detail.pl?biblionumber=628876

MARC

LEADER 00000naa2a2200000 4500
001 628876
005 20260305151056.0
035 |a (RuTPU)RU\TPU\conf\29210 
035 |a RU\TPU\conf\25280 
090 |a 628876 
100 |a 20190114d2018 k y0rusy50 ba 
101 0 |a eng 
102 |a RU 
135 |a drgn ---uucaa 
181 0 |a i   |b  e  
182 0 |a b 
183 0 |a cr  |2 RDAcarrier 
200 1 |a Numerical modeling of atmospheric emissions from wildfires  |f T. A. Belkova  |g sci. adv. V. A. Perminov 
203 |a Текст  |c электронный  |b визуальный 
225 1 |a Моделирование в научных исследованиях 
283 |a online_resource  |2 RDAcarrier 
300 |a Заглавие с титульного экрана 
320 |a Библиогр.: с. 4 (2 назв.) 
336 |a Текстовый файл 
461 1 |0 (RuTPU)RU\TPU\conf\29207  |t Информационные технологии в науке, управлении, социальной сфере и медицине  |o сборник научных трудов V Международной научной конференции, 17-21 декабря 2018 г., Томск  |o в 2 ч.  |f Национальный исследовательский Томский политехнический университет (ТПУ) ; Томский государственный педагогический университет (ТГПУ) ; под ред. О. Г. Берестневой [и др.]  |d 2018 
463 1 |0 (RuTPU)RU\TPU\conf\29208  |t Ч. 1  |v С. 4  |d 2018 
610 1 |a электронный ресурс 
610 1 |a труды учёных ТПУ 
610 1 |a атмосферные выбросы 
610 1 |a лесные пожары 
610 1 |a выбросы в атмосферу 
610 1 |a математические модели 
610 1 |a воспламенение 
610 1 |a численное моделирование 
700 1 |a Belkova  |b T. A.  |c specialist in the field of ecology and life safety  |c Assistant of assistant of the department Tomsk Polytechnic University  |f 1991-  |g Tatiana Anatolievna  |9 89202 
702 1 |a Perminov  |b V. A.  |c specialist in the field of ecology and life safety  |c Professor of Tomsk Polytechnic University, doctor of physical and mathematical Sciences  |f 1958-  |g Valery Afanasievich  |4 727 
801 2 |a RU  |b 63413507  |c 20190118  |g RCR 
856 4 0 |u http://earchive.tpu.ru/handle/11683/52309  |z http://earchive.tpu.ru/handle/11683/52309 
942 |c CF